Obras de San Buenaventura. (Record no. 170662)

MARC details
000 -LEADER
campo de control de longitud fija 01186nam a2200265 i 4500
001 - NÚMERO DE CONTROL
campo de control 170662
003 - IDENTIFICADOR DE NÚMERO DE CONTROL
campo de control ES-MaACL
005 - FECHA Y HORA DE LA ÚLTIMA TRANSACCIÓN
campo de control 20250808062734.0
008 - DATOS DE LONGITUD FIJA--INFORMACIÓN GENERAL
campo de control de longitud fija 090327s1947 sp |||| | spa d
100 0# - ENTRADA PRINCIPAL--NOMBRE DE PERSONA
Nombre de persona Buenaventura
Títulos y otros términos asociados al nombre Santo.
9 (RLIN) 32363
245 10 - MENCIÓN DEL TÍTULO
Título Obras de San Buenaventura.
Número de parte o sección de la obra T. III /
Mención de responsabilidad, etc. edición dirigida, anotada y con introducciones por León Amorós, Bernardo Aperribay y Miguel Oromi.
260 ## - PUBLICACIÓN, DISTRIBUCIÓN, ETC.
Lugar de publicación, distribución, etc. Madrid :
Nombre del editor, distribuidor, etc. [La Editorial Católica],
Fecha de publicación, distribución, etc. 1947.
300 ## - DESCRIPCIÓN FÍSICA
Extensión 798 p. ;
Dimensiones 20 cm.
490 1# - MENCIÓN DE SERIE
Mención de serie Biblioteca de autores cristianos ;
Designación de volumen o secuencia 9
505 8# - NOTA DE CONTENIDO CON FORMATO
Nota de contenido con formato Contiene: Colaciones sobre el Hexaémeron o Iluminaciones de la Iglesia ; Del reino de Dios descrito en las parábolas del Evangelio ; Tratado de la plantación del paraíso
700 1# - ENTRADA AGREGADA--NOMBRE PERSONAL
Nombre de persona Amorós, León.
9 (RLIN) 139672
700 1# - ENTRADA AGREGADA--NOMBRE PERSONAL
Nombre de persona Aperribay, Bernardo.
9 (RLIN) 139670
700 0# - ENTRADA AGREGADA--NOMBRE PERSONAL
Nombre de persona Oromi, Miguel.
9 (RLIN) 176624
740 0# - ENTRADA AGREGADA--TÍTULO RELACIONADO/ANALÍTICO NO CONTROLADO
Título relacionado o analítico no controlado Colaciones sobre el Hexaémeron o Iluminaciones de la Iglesia.
740 0# - ENTRADA AGREGADA--TÍTULO RELACIONADO/ANALÍTICO NO CONTROLADO
Título relacionado o analítico no controlado Del reino de Dios descrito en las parábolas del Evangelio.
740 0# - ENTRADA AGREGADA--TÍTULO RELACIONADO/ANALÍTICO NO CONTROLADO
Título relacionado o analítico no controlado Tratado de la plantación del paraíso.
830 00 - PUNTO DE ACCESO ADICIONAL DE SERIE-TÍTULO UNIFORME
Título uniforme Biblioteca de autores cristianos
Designación de volumen o secuencia 9
9 (RLIN) 178679
852 ## - LOCALIZACIÓN
Ubicación ES-MaACL
Número de control de estantería J-20
itemnumber R.46092
Holdings
Estatus retirado Estado de pérdida Estado de daño No para préstamo Biblioteca de origen Biblioteca actual Ubicación en estantería Fecha de adquisición Fuente de adquisición Total de préstamos Signatura topográfica completa Código de barras Visto por última vez Precio de reemplazo Tipo de ítem Koha
        Biblioteca del Ateneo de Madrid Biblioteca del Ateneo de Madrid Depósito 2 27/03/2009     J-20 1179100 23/02/2023 23/02/2023 Libro impreso